000 00475nam a2200145Ia 4500
008 100122s9999 xx 000 0 und d
082 _b46365
_a294.5925
100 _aओशो
245 _aअष्टावक्र गीता
260 _bजीवन जागृती केंद्र प्रकाशन
_c1991
300 _a380
630 _aअष्टावक्र गीता
730 _aअष्टावक्र गीता
942 _cBOOK
999 _c425550
_d425547